000 00771cab a2200265 4500
001 WB3324-21
008 090401t1997 xxu||||| |||| 00| 0 eng d
035 _a(Sirsi) u79060
041 _aeng
245 _aLand, fixture or chattel?
260 _c1997
350 _a0
490 _aEstates Gazette
_v(9724) 14 June 1997, 121(1)
520 _aThe traditional twofold distinction between chattels and fixtures was not helpful in the case "Elitestone Ltd v Morris", so the threefold classification was adopted.
650 _aCHATTELS
650 _aCLASSIFICATION
650 _aELITESTONE LTD V MORRIS
650 _aFIXTURES
650 _aLAND
650 _aREMOVABLE
650 _aWOODEN BUNGALOW
690 _aLAND
942 _n0
948 _c19/06/1997
999 _c49675
_d49675